Statistics for Mike Oldfield Albums

Click here to take the quiz!

General Stats

  • This quiz has been taken 48 times
  • The average score is 14 of 25

Answer Stats

HintAnswer% Correct
1973Tubular Bells
100%
1992Tubular Bells II
87%
1998Tubular Bells III
82%
1975Ommadawn
79%
1974Hergest Ridge
76%
1980QE2
68%
1983Crises
63%
1979Platinum
63%
1982Five Miles Out
61%
1978Incantations
61%
1984Discovery
53%
1999The Millennium Bell
50%
1990Amarok
47%
1999Guitars
47%
2014Man on the Rocks
45%
1984The Killing Fields
45%
1994The Songs of Distant Earth
42%
1996Voyager
42%
1987Islands
39%
2008Music of the Spheres
39%
2002Tr3s Lunas
39%
1989Earth Moving
34%
1991Heaven's Open
34%
2005Light + Shade
32%
2003Tubular Bells 2003
32%

Score Distribution

Percentile by Number Answered

Percent of People with Each Score

Your Score History

You have not taken this quiz